000 00300nam a22001337a 4500
008 171016b xxu||||| |||| 00| 0 eng d
020 _a9780043310984
041 _aeng
080 _a33
100 _a52
101 _aEKO
245 _aTHE ECONOMIC ANALYSIS OF UNIONS
_cHIRSCH,B.T
942 _2udc
_cBK
999 _c34163
_d34163